000 00485nam a2200169Ia 4500
999 _c10607
_d10607
003 OSt
005 20200222112510.0
008 190216s9999||||xx |||||||||||||| ||und||
040 _coclc
082 _a338.1
_bSON/L
100 _aSoni, R N
_92016
245 0 _aLeading Issues In Agricultural Economics /
_cR N Soni
260 _bVishal Publcations,
_c2002.
_aJalandhar:
300 _a694p
650 _aEconomics
942 _cBK
_2ddc
_h338.1
_iSON/L
_k338.1
_mSON/L